[Event "390 Stay Safe Play From Home series"]
[Site "Emanuel Lasker Arena"]
[Date "2020.08.17"]
[Round "9"]
[White "Dukic"]
[Black "W Nelles"]
[Result "1-0"]
[WhiteElo "1710"]
[BlackElo "1394"]
[Annotator "NA RC"]
[PlyCount "33"]
[EventDate "2020.08.17"]
[EventType "swiss (blitz)"]

1. d4 {[%emt 0:00:05]} d5 {[%emt 0:00:06]} 2. c4 {[%emt 0:00:00]} dxc4 {[%emt 0:00:02]} 3. Nc3 {[%emt 0:00:01]} Bd7 {[%emt 0:00:01]} 4. e4 {[%emt 0:00:01]} e6 {[%emt 0:00:01]} 5. Bxc4 {[%emt 0:00:02]} Nf6 {[%emt 0:00:01]} 6. Nf3 {[%emt 0:00:01]} Bb4 {[%emt 0:00:01]} 7. Qe2 {[%emt 0:00:02]} Bxc3+ {[%emt 0:00:01]} 8. bxc3 {[%emt 0:00:02]} O-O {[%emt 0:00:01]} 9. O-O {[%emt 0:00:01]} c6 {[%emt 0:00:02]} 10. Bd3 {[%emt 0:00:02]} b5 {[%emt 0:00:01]} 11. e5 {[%emt 0:00:01]} Nd5 {[%emt 0:00:03]} 12. Bd2 {[%emt 0:00:02]} Nf4 {[%emt 0:00:02]} 13. Bxf4 {[%emt 0:00:02]} a5 {[%emt 0:00:04]} 14. Qe4 {[%emt 0:00:02]} f5 {[%emt 0:00:04]} 15. exf6 {[%emt 0:00:02]} Qxf6 {[%emt 0:00:03]} 16. Qxh7+ {[%emt 0:00:01]} Kf7 {[%emt 0:00:01]} 17. Bg5 {[%emt 0:00:06] W Nelles gibt auf W Nelles gibt auf W Nelles gibt auf (Lag: Av=0.56s, max=0.8s) (Lag: Av=0.56s, max=0.8s) (Lag: Av=0.56s, max=0.8s)} 1-0